| 000 | 00526nam a22001697a 4500 | ||
|---|---|---|---|
| 005 | 20170914102345.0 | ||
| 010 | _a1718EN-30 | ||
| 020 |
_a9788123022710 _c1200.00 |
||
| 037 |
_bBookwell _adpl |
||
| 245 |
_aIndra dhanush : _cedited by Bishnupriya Dutt _bvolume II / |
||
| 260 |
_c2016 _aNew Delhi _bRashtrapati Bhawan |
||
| 270 |
_aRashtrapati Bhawan, _bNew Delhi _e110015 |
||
| 300 |
_c26cm(Hb) _a159p.: _bill. (col. pic.) |
||
| 700 | _aDutt, Bishnupriya | ||
| 942 |
_cEN _2ddc _mIND |
||
| 999 |
_c144534 _d144534 |
||